[Event "ICS rated standard match"]
[Site "204.178.125.65"]
[Date "2001.07.08"]
[Round "?"]
[White "Hossa"]
[Black "expert101"]
[Result "1-0"]
[WhiteElo "2252"]
[BlackElo "2073"]
[PlyCount "26"]
[EventDate "2001.??.??"]

1. e4 e6 2. Nf3 d5 3. Nc3 Nf6 4. e5 Nfd7 5. d4 c5 6. dxc5 Bxc5 7. Bd3 Nc6 8.
Bf4 Qb6 9. O-O Qxb2 10. Nb5 Kf8 11. Bd2 d4 12. Rb1 Qxa2 13. Ra1 Qd5 {
expert101 resigns} 1-0

[Event "ICS rated bullet match"]
[Site "204.178.125.65"]
[Date "2001.07.09"]
[Round "?"]
[White "Flieger123"]
[Black "Hossa"]
[Result "0-1"]
[WhiteElo "2013"]
[BlackElo "2630"]
[PlyCount "44"]
[EventDate "2001.??.??"]

1. d4 c5 2. Nf3 cxd4 3. Nxd4 Nf6 4. Nb3 d5 5. g3 e5 6. Bg2 Be6 7. O-O Nc6 8. c3
Be7 9. N1d2 O-O 10. h3 Qd7 11. Kh2 Qc7 12. e4 d4 13. cxd4 exd4 14. Qf3 Ne5 15.
Qd1 Rfd8 16. Nf3 Nxf3+ 17. Qxf3 d3 18. Nd2 Bc5 19. a3 Bd4 20. Rb1 Qc2 21. b4
Ba2 22. Qd1 Bxb1 {Flieger123 resigns} 0-1

[Event "ICS rated bullet match"]
[Site "204.178.125.65"]
[Date "2001.07.09"]
[Round "?"]
[White "Flieger123"]
[Black "Hossa"]
[Result "0-1"]
[WhiteElo "2011"]
[BlackElo "2632"]
[PlyCount "26"]
[EventDate "2001.??.??"]

1. d4 c5 2. Nf3 cxd4 3. Nxd4 d5 4. c4 dxc4 5. Qa4+ Bd7 6. Qxc4 e5 7. Nb3 Nf6 8.
Nc3 Na6 9. g3 Nb4 10. Ne4 Nxe4 11. Qxe4 Bc6 12. Qxe5+ Qe7 13. Qxe7+ Bxe7 {
Flieger123 resigns} 0-1

[Event "ICS rated bullet match"]
[Site "204.178.125.65"]
[Date "2001.07.09"]
[Round "?"]
[White "Hossa"]
[Black "Flieger123"]
[Result "1-0"]
[WhiteElo "2633"]
[BlackElo "2010"]
[PlyCount "73"]
[EventDate "2001.??.??"]

1. e4 e6 2. d4 d5 3. Nd2 dxe4 4. Nxe4 Nd7 5. Bb5 c6 6. Bd3 Ngf6 7. Nxf6+ Nxf6
8. Nf3 Be7 9. O-O O-O 10. Be3 b6 11. c3 Bb7 12. Qc2 Rc8 13. Bg5 g6 14. Bh6 Re8
15. Ne5 Nd7 16. Qe2 Bf6 17. Nxd7 Qxd7 18. Qf3 Bg7 19. Bxg7 Kxg7 20. Rfe1 c5 21.
Be4 Bxe4 22. Rxe4 cxd4 23. Rxd4 Qc6 24. Qd3 Qc7 25. Rd7 Qc5 26. Rxa7 Rcd8 27.
Qf3 Qf5 28. Qxf5 gxf5 29. Rb7 Rd6 30. g3 Red8 31. Re1 Kf6 32. Kg2 Ra8 33. a3
Ra5 34. c4 Rc5 35. b3 Rdc6 36. Rd1 h6 37. Rdd7 {Flieger123 resigns} 1-0

[Event "ICS rated bullet match"]
[Site "204.178.125.65"]
[Date "2001.07.09"]
[Round "?"]
[White "Hossa"]
[Black "Flieger123"]
[Result "1-0"]
[WhiteElo "2635"]
[BlackElo "2008"]
[PlyCount "59"]
[EventDate "2001.??.??"]

1. e4 Nc6 2. Nf3 f5 3. exf5 d5 4. Bd3 e5 5. fxe6 Bxe6 6. Qe2 Qe7 7. O-O O-O-O
8. Ng5 Re8 9. Qxe6+ Qxe6 10. Nxe6 Rxe6 11. Bf5 Nd4 12. Bxe6+ Nxe6 13. c3 Nf6
14. Re1 Kd7 15. d3 d4 16. Nd2 dxc3 17. bxc3 Bd6 18. Nc4 c6 19. Rb1 b5 20. Nxd6
Kxd6 21. Ba3+ Kd7 22. c4 a6 23. f3 Nd4 24. Re7+ Kd8 25. Rxg7 Re8 26. Bb2 c5 27.
Bxd4 cxd4 28. cxb5 Nd5 29. bxa6 Re2 30. Rb8# {Flieger123 checkmated} 1-0

[Event "ICS rated bullet match"]
[Site "204.178.125.65"]
[Date "2001.07.09"]
[Round "?"]
[White "Flieger123"]
[Black "Hossa"]
[Result "0-1"]
[WhiteElo "2005"]
[BlackElo "2638"]
[PlyCount "62"]
[EventDate "2001.??.??"]

1. d4 f5 2. Nf3 e6 3. e3 Be7 4. c3 Nf6 5. Be2 O-O 6. O-O b6 7. b3 a5 8. Ba3 a4
9. Bxe7 Qxe7 10. b4 Ne4 11. Nfd2 Qh4 12. Bf3 Bb7 13. g3 Qh3 14. Bg2 Qxg2+ 15.
Kxg2 Nxc3+ 16. f3 Nxd1 17. Rxd1 Nc6 18. a3 g5 19. Kf2 Ba6 20. f4 g4 21. Nc3 Bd3
22. Rac1 Kg7 23. h4 gxh3 24. Rh1 Rf6 25. Rxh3 Rh6 26. Rch1 Rxh3 27. Rxh3 Rg8
28. Nf3 b5 29. Ne5 Nxe5 30. dxe5 Rc8 31. Rh1 c5 {Flieger123 resigns} 0-1

[Event "ICS rated bullet match"]
[Site "204.178.125.65"]
[Date "2001.07.09"]
[Round "?"]
[White "A-Adly"]
[Black "Hossa"]
[Result "1/2-1/2"]
[WhiteElo "2172"]
[BlackElo "2641"]
[PlyCount "54"]
[EventDate "2001.??.??"]

1. d4 c5 2. d5 d6 3. c4 e6 4. Nc3 Be7 5. e4 Nf6 6. g3 exd5 7. exd5 O-O 8. Bg2
Re8 9. Nge2 Bf5 10. O-O Na6 11. a3 Ng4 12. Bf4 Bf6 13. h3 Ne5 14. Bxe5 Bxe5 15.
f4 Bf6 16. g4 Bd7 17. Qd2 Bh4 18. Ne4 Qe7 19. f5 Bg5 20. Nxg5 Qxe2 21. Qxe2
Rxe2 22. Rf2 Rae8 23. Kf1 R2e3 24. Rf3 Re2 25. Rf2 R2e3 26. Rf3 Re2 27. Rf2
R2e3 {Game drawn by repetition} 1/2-1/2

[Event "ICS rated bullet match"]
[Site "204.178.125.65"]
[Date "2001.07.09"]
[Round "?"]
[White "A-Adly"]
[Black "Hossa"]
[Result "0-1"]
[WhiteElo "2186"]
[BlackElo "2627"]
[PlyCount "58"]
[EventDate "2001.??.??"]

1. d4 c5 2. e3 cxd4 3. exd4 e6 4. Nf3 Nf6 5. Bd3 d5 6. O-O Nc6 7. c3 Bd6 8. Bg5
Qc7 9. Bxf6 gxf6 10. Re1 Bd7 11. a4 O-O-O 12. Na3 Bxa3 13. Rxa3 Rdg8 14. b4 Rg7
15. b5 Na5 16. g3 h5 17. Qe2 h4 18. Rc1 hxg3 19. fxg3 e5 20. dxe5 Qc5+ 21. Qf2
Qxa3 22. Rd1 Qxa4 23. Bc2 Qf4 24. Rxd5 fxe5 25. Qxa7 Rxg3+ 26. hxg3 Qxg3+ 27.
Kf1 Qxf3+ 28. Ke1 Rh1+ 29. Kd2 Nc4# {A-Adly checkmated} 0-1

[Event "ICS rated bullet match"]
[Site "204.178.125.65"]
[Date "2001.07.09"]
[Round "?"]
[White "A-Adly"]
[Black "Hossa"]
[Result "0-1"]
[WhiteElo "2211"]
[BlackElo "2602"]
[PlyCount "174"]
[EventDate "2001.??.??"]

1. d4 f5 2. Nf3 e6 3. e3 a6 4. b3 Be7 5. Bb2 Nf6 6. Nbd2 O-O 7. Be2 b6 8. O-O
Bb7 9. a3 a5 10. c4 Ra7 11. Rc1 a4 12. b4 Qe8 13. c5 bxc5 14. dxc5 Qh5 15. Ne5
Qg5 16. Ndf3 Qh5 17. Nd4 Qh4 18. Bc4 Qe4 19. Ndf3 Bd5 20. Bd3 Bb3 21. Bxe4 Bxd1
22. Rfxd1 fxe4 23. Nd4 Ra8 24. c6 d6 25. Nxe6 Rc8 26. Nd7 Nbxd7 27. cxd7 Nxd7
28. Nxc7 Rab8 29. Nd5 Bh4 30. Bd4 Rf8 31. g3 Rf5 32. Ba1 Bg5 33. Rc7 Rf7 34.
Nf4 Bxf4 35. exf4 Ne5 36. Rc2 Nd3 37. Re2 d5 38. f3 Rd7 39. fxe4 dxe4 40. Rxe4
Rbd8 41. Re3 Nxb4 42. Rxd7 Rxd7 43. Bxg7 Nd5 44. Re4 Kxg7 45. Rxa4 Nc3 46. Ra5
Rd2 47. a4 Nd5 48. Ra7+ Kg6 49. a5 Ne3 50. a6 Rg2+ 51. Kh1 Ra2 52. Kg1 Ra1+ 53.
Kf2 Ng4+ 54. Kg2 Ra2+ 55. Kf3 Nxh2+ 56. Ke4 Ra4+ 57. Ke5 Ng4+ 58. Ke6 h5 59.
f5+ Kh6 60. f6 Re4+ 61. Kf5 Re5+ 62. Kf4 Kg6 63. Rg7+ Kxf6 64. a7 Ra5 65. Rb7
Ra4+ 66. Kf3 Kf5 67. Rb5+ Ne5+ 68. Ke3 Rxa7 69. Kf2 Ra2+ 70. Kf1 Ke4 71. Rb4+
Kf3 72. Rb3+ Kg4 73. Re3 Nf3 74. Re8 Kxg3 75. Rg8+ Kf4 76. Rf8+ Ke3 77. Re8+
Kd4 78. Rd8+ Ke4 79. Re8+ Ne5 80. Rh8 h4 81. Rxh4+ Ke3 82. Rh8 Rf2+ 83. Kg1
Nf3+ 84. Kh1 Rf1+ 85. Kg2 Rg1+ 86. Kh3 Rh1+ 87. Kg4 Rxh8 {A-Adly resigns} 0-1

[Event "ICS rated bullet match"]
[Site "204.178.125.65"]
[Date "2001.07.09"]
[Round "?"]
[White "A-Adly"]
[Black "Hossa"]
[Result "0-1"]
[WhiteElo "2221"]
[BlackElo "2592"]
[PlyCount "46"]
[EventDate "2001.??.??"]

1. d4 f5 2. Nf3 e6 3. e3 Nf6 4. b3 Be7 5. Bb2 b6 6. Nbd2 Bb7 7. Be2 O-O 8. O-O
a5 9. a3 a4 10. b4 Ne4 11. c4 d6 12. Rc1 Nd7 13. Nxe4 fxe4 14. Nd2 Qe8 15. f4
exf3 16. Bxf3 Bxf3 17. Nxf3 Qh5 18. e4 c5 19. dxc5 bxc5 20. b5 Nb6 21. e5 d5
22. Nd2 Rxf1+ 23. Qxf1 Bg5 {A-Adly resigns} 0-1

[Event "ICS rated bullet match"]
[Site "204.178.125.65"]
[Date "2001.07.09"]
[Round "?"]
[White "A-Adly"]
[Black "Hossa"]
[Result "0-1"]
[WhiteElo "2231"]
[BlackElo "2582"]
[PlyCount "110"]
[EventDate "2001.??.??"]

1. d4 f5 2. Nf3 e6 3. e3 Nf6 4. Nbd2 Be7 5. b3 Bb4 6. Bb2 Ne4 7. Bd3 O-O 8. O-O
Bc3 9. Qc1 Nxd2 10. Nxd2 Bxb2 11. Qxb2 b6 12. e4 fxe4 13. Bxe4 d5 14. Bd3 Ba6
15. c4 Nc6 16. Rad1 dxc4 17. Bxc4 Bxc4 18. Nxc4 Qh4 19. d5 exd5 20. Rxd5 Rfd8
21. Rfd1 Rxd5 22. Rxd5 Rd8 23. Rxd8+ Qxd8 24. Qd2 Qxd2 25. Nxd2 Nb4 26. a4 c5
27. Kf1 Kf7 28. Ke2 Ke6 29. f3 Nc2 30. g3 Nd4+ 31. Kd3 Kd5 32. Ke3 a6 33. Kd3
b5 34. axb5 axb5 35. Kc3 h5 36. g4 b4+ 37. Kb2 hxg4 38. fxg4 g5 39. Nc4 Nf3 40.
h3 Ng1 41. Ne3+ Ke4 42. Nf5 Nxh3 43. Ng7 Ke5 44. Nf5 Nf2 45. Nh6 Kf4 46. Nf5
Kxg4 47. Ng7 Kf3 48. Ne6 g4 49. Nxc5 g3 50. Ne6 g2 51. Nd4+ Ke4 52. Ne2 Nd3+
53. Kc2 Ke3 54. Ng1 Nf4 55. Kd1 Kf2 {A-Adly resigns} 0-1

[Event "ICS rated bullet match"]
[Site "204.178.125.65"]
[Date "2001.07.09"]
[Round "?"]
[White "Hossa"]
[Black "Abraxis"]
[Result "0-1"]
[WhiteElo "2547"]
[BlackElo "2626"]
[PlyCount "120"]
[EventDate "2001.??.??"]

1. e4 d5 2. exd5 Qxd5 3. Nc3 Qa5 4. d4 c6 5. Nf3 Nf6 6. Be2 Bf5 7. O-O e6 8.
Nh4 Bg6 9. Bf4 Nbd7 10. Qd2 Bh5 11. Nf3 Be7 12. Nb5 Qxd2 13. Nc7+ Kd8 14. Nxd2
Rc8 15. g4 Bxg4 16. f3 Bh3 17. Rf2 Nh5 18. Nxe6+ fxe6 19. Bg3 e5 20. Bxe5 Nxe5
21. dxe5 Bh4 22. Ne4 Ke7 23. Nd6 Rc7 24. Bf1 Bxf2+ 25. Kxf2 Bxf1 26. Rxf1 Ke6
27. Re1 Rf8 28. Ne4 b6 29. Ng5+ Kf5 30. h4 Re8 31. Nxh7 Nf4 32. Ng5 Rxe5 33.
Ne4 Rd7 34. Ng3+ Ke6 35. Ne4 Rd4 36. Ng5+ Kf5 37. Ne4 c5 38. Ng3+ Kf6 39. Ne4+
Ke6 40. b3 a6 41. a3 c4 42. Ke3 Rdxe4+ 43. fxe4 Ng2+ 44. Kf2 Nxe1 45. Kxe1 cxb3
46. cxb3 Rxe4+ 47. Kd2 Rxh4 48. a4 g5 49. Kd3 Rh3+ 50. Kc2 Kf6 51. b4 g4 52.
Kd2 Ra3 53. a5 bxa5 54. bxa5 Rxa5 55. Ke3 g3 56. Ke4 g2 57. Kd3 g1=Q 58. Kc2
Qd4 59. Kb1 Qf2 60. Kc1 Ra1# {Hossa checkmated} 0-1

[Event "ICS rated bullet match"]
[Site "204.178.125.65"]
[Date "2001.07.09"]
[Round "?"]
[White "Abraxis"]
[Black "Hossa"]
[Result "1-0"]
[WhiteElo "2640"]
[BlackElo "2536"]
[PlyCount "145"]
[EventDate "2001.??.??"]

1. d4 c5 2. d5 d6 3. e4 Nf6 4. Nc3 e5 5. Nf3 Be7 6. a3 O-O 7. Bc4 Bd7 8. h3 b5
9. Bd3 c4 10. Bf1 Na6 11. Be3 Qc7 12. Bg5 Nc5 13. b4 cxb3 14. cxb3 Rac8 15. Rc1
h6 16. Be3 Qb8 17. Nd2 a5 18. b4 axb4 19. axb4 Na4 20. Ndb1 Nb2 21. Qf3 Nh7 22.
Qg3 Bg5 23. Nd2 f5 24. exf5 Rxf5 25. Nde4 Bxe3 26. Qxe3 Rf4 27. Ra1 Nf6 28. Ra6
Ne8 29. Be2 Na4 30. O-O Bf5 31. Ra1 Kh8 32. Ra3 Nxc3 33. Nxc3 Rxb4 34. Rb6 Qc7
35. Bxb5 Qc5 36. Qxc5 dxc5 37. Ra7 Rb3 38. Na4 Nf6 39. d6 Nd5 40. Rc6 Rxb5 41.
Rxc8+ Bxc8 42. Ra8 Rb1+ 43. Kh2 Nf6 44. Rxc8+ Kh7 45. Nxc5 Rc1 46. Rc7 Rd1 47.
d7 Rd6 48. Kg3 Kg6 49. Kf3 h5 50. g3 Kf5 51. g4+ hxg4+ 52. hxg4+ Kg6 53. g5 e4+
54. Kf4 Nxd7 55. Rxd7 Rb6 56. Nxe4 Rb8 57. Rd6+ Kf7 58. Rc6 Rf8 59. Nd6+ Kg8+
60. Nf5 Kh8 61. g6 Re8 62. Rc7 Rb8 63. Rxg7 Rb4+ 64. Kg5 Rb5 65. Rd7 Rb8 66.
Rh7+ Kg8 67. Nh6+ Kf8 68. Rf7+ Ke8 69. g7 Rb5+ 70. Kg4 Rb4+ 71. f4 Rxf4+ 72.
Kxf4 Kd8 73. g8=Q# {Hossa checkmated} 1-0

[Event "ICS rated bullet match"]
[Site "204.178.125.65"]
[Date "2001.07.09"]
[Round "?"]
[White "A-Adly"]
[Black "Hossa"]
[Result "0-1"]
[WhiteElo "2266"]
[BlackElo "2525"]
[PlyCount "80"]
[EventDate "2001.??.??"]

1. d4 f5 2. Nf3 e6 3. d5 Bd6 4. c4 Nf6 5. Nc3 O-O 6. Bg5 h6 7. Bxf6 Qxf6 8. e3
Bb4 9. Rc1 exd5 10. Qxd5+ Qe6 11. Bd3 c6 12. Qxe6+ dxe6 13. Ke2 Bxc3 14. Rxc3
Nd7 15. c5 Kf7 16. e4 Kf6 17. Rd1 g5 18. Bb1 g4 19. Nd4 f4 20. h3 h5 21. hxg4
hxg4 22. Rh1 Ne5 23. Rh6+ Ng6 24. e5+ Kxe5 25. Rxg6 Kxd4 26. Rxg4 e5 27. Rg6 e4
28. Rd6+ Ke5 29. Rc4 Bf5 30. Ke1 Rh8 31. Bc2 Rh1+ 32. Kd2 Rg8 33. g3 fxg3 34.
fxg3 Rxg3 35. Bxe4 Bxe4 36. Rdd4 Rg2+ 37. Kc3 Rh3+ 38. Kb4 Rxb2+ 39. Ka5 Ra3+
40. Ra4 Rb5# {A-Adly checkmated} 0-1

[Event "ICS rated bullet match"]
[Site "204.178.125.65"]
[Date "2001.07.09"]
[Round "?"]
[White "Tim"]
[Black "Hossa"]
[Result "0-1"]
[WhiteElo "2283"]
[BlackElo "2531"]
[PlyCount "76"]
[EventDate "2001.??.??"]

1. d4 c5 2. e4 cxd4 3. c3 g6 4. Bc4 dxc3 5. Nxc3 Bg7 6. Nf3 Nh6 7. Bf4 O-O 8.
h3 Kh8 9. Qd2 Ng8 10. O-O d6 11. Rac1 Nd7 12. Rfd1 Nb6 13. Bb3 Be6 14. Bxe6
fxe6 15. Ng5 Qd7 16. Be3 Nc4 17. Qe2 Rac8 18. Bd4 Bxd4 19. Rxd4 Ne5 20. Rdd1 h6
21. Nf3 Nxf3+ 22. gxf3 Rf4 23. Qe3 Rcf8 24. Kg2 Rxf3 25. Qxf3 Rxf3 26. Kxf3 Nf6
27. Ke3 e5 28. f3 Qxh3 29. Rh1 Ng4+ 30. Ke2 Qg2+ 31. Kd3 Nf2+ 32. Kc4 Nxh1 33.
Nd5 b5+ 34. Kb3 Qxf3+ 35. Rc3 Qxe4 36. Nb4 a5 37. Rc8+ Kh7 38. Nc6 Qd3# {
Tim checkmated} 0-1

[Event "ICS rated bullet match"]
[Site "204.178.125.65"]
[Date "2001.07.09"]
[Round "?"]
[White "A-Adly"]
[Black "Hossa"]
[Result "0-1"]
[WhiteElo "2238"]
[BlackElo "2542"]
[PlyCount "136"]
[EventDate "2001.??.??"]

1. d4 f5 2. Nf3 e6 3. e3 Nf6 4. b3 Be7 5. Bb2 b6 6. c4 O-O 7. Nbd2 Bb7 8. Be2
a5 9. a3 a4 10. b4 Ne4 11. O-O d6 12. Rc1 Nd7 13. Nxe4 fxe4 14. Nd2 Nf6 15. Bg4
Bc8 16. Be2 Qd7 17. Bg4 Bd8 18. d5 Nxg4 19. Qxg4 exd5 20. Qxd7 Bxd7 21. cxd5
Bb5 22. Nxe4 Bxf1 23. Kxf1 Rf5 24. Rd1 Rf7 25. Rc1 Bh4 26. g3 Bd8 27. Ke2 Bf6
28. Nxf6+ gxf6 29. Kd3 Kg7 30. f4 Re8 31. Bd4 Kg6 32. g4 b5 33. Rg1 Rg8 34. h4
h6 35. Ke4 Kh7 36. Kf3 f5 37. g5 h5 38. Rc1 Re8 39. Rc6 Rfe7 40. Rc3 Rc8 41.
Rc6 Kg6 42. Ra6 Rb8 43. Ra7 Rf7 44. Bf6 Rh7 45. Ra6 Rd7 46. Bd4 Rf7 47. Ra7 Re7
48. Bf6 Rd7 49. Ra6 Re8 50. Rc6 Rf7 51. Ra6 Kh7 52. Ra7 Rb8 53. Bd4 Re7 54. Bf6
Rf7 55. e4 fxe4+ 56. Kxe4 Kg8 57. Kf5 c5 58. Rxf7 Kxf7 59. g6+ Kg8 60. Kg5 cxb4
61. axb4 a3 62. Bd4 Rc8 63. f5 Rc4 64. Ba1 Rxb4 65. f6 Rb1 66. f7+ Kf8 67. Kf6
Rf1+ 68. Ke6 Rxa1 {A-Adly resigns} 0-1

[Event "ICS rated bullet match"]
[Site "204.178.125.65"]
[Date "2001.07.09"]
[Round "?"]
[White "A-Adly"]
[Black "Hossa"]
[Result "0-1"]
[WhiteElo "2233"]
[BlackElo "2547"]
[PlyCount "66"]
[EventDate "2001.??.??"]

1. d4 c5 2. d5 d6 3. c4 e6 4. Nc3 Be7 5. e4 Nf6 6. g3 exd5 7. exd5 O-O 8. Bg2
Re8 9. Nge2 Bf5 10. O-O Na6 11. a3 Ng4 12. Bf4 Bf6 13. h3 Ne5 14. Bxe5 Bxe5 15.
f4 Bf6 16. g4 Bd7 17. Qd2 Bh4 18. Ne4 Qe7 19. f5 Bg5 20. Nxg5 Qxe2 21. Qxe2
Rxe2 22. Rfe1 Rxb2 23. Ne4 Rd8 24. Nxd6 Ba4 25. Ne4 b6 26. f6 Nc7 27. fxg7 Kxg7
28. Ng5 h6 29. Re7 hxg5 30. Rxc7 Rd7 31. Rxd7 Bxd7 32. d6 Rd2 33. Bd5 Be6 {
A-Adly resigns} 0-1

[Event "ICS rated bullet match"]
[Site "204.178.125.65"]
[Date "2001.07.09"]
[Round "?"]
[White "A-Adly"]
[Black "Hossa"]
[Result "0-1"]
[WhiteElo "2228"]
[BlackElo "2552"]
[PlyCount "138"]
[EventDate "2001.??.??"]

1. d4 c5 2. d5 d6 3. c4 e6 4. Nc3 Be7 5. g3 Nf6 6. e4 exd5 7. exd5 O-O 8. Bg2
Bf5 9. Nge2 Nbd7 10. O-O Ne5 11. b3 Re8 12. Nf4 Bf8 13. Re1 Bg4 14. Qd2 Nf3+
15. Bxf3 Rxe1+ 16. Qxe1 Bxf3 17. Qe3 Bg4 18. Bb2 Qe7 19. Re1 Qxe3 20. Rxe3 Bd7
21. f3 g5 22. Nfe2 h5 23. Kf2 Kh7 24. Nb5 Nxd5 25. cxd5 Bxb5 26. Nc3 Bd7 27.
Ne4 Kg6 28. Nf6 Bg7 29. Nxd7 Bxb2 30. Re7 b5 31. Ke2 c4 32. bxc4 bxc4 33. Kd2
Rc8 34. Kc2 Bd4 35. Re4 Bg1 36. h3 c3 37. g4 hxg4 38. hxg4 Rd8 39. Re7 Bd4 40.
Kd3 Bg7 41. Kc2 Rh8 42. Re2 Rh1 43. Kd3 Rd1+ 44. Kc2 Rxd5 45. Nb8 Rb5 46. Nc6
Kh7 47. Ne7 Rb2+ 48. Kd3 a6 49. Rxb2 cxb2 50. Kc2 Be5 51. Nf5 Kg6 52. Ne7+ Kg7
53. Nf5+ Kf6 54. Ne3 Ke6 55. Kb1 d5 56. Nf5 Bh8 57. Kc2 a5 58. a4 Ke5 59. Kxb2
Kf4+ 60. Kc2 Kxf3 61. Ne7 Kxg4 62. Nxd5 Kf3 63. Kd3 g4 64. Ne3 g3 65. Nf5 Bf6
66. Ne3 Bg5 67. Nc2 Kf2 68. Nd4 g2 69. Ne2 f5 {A-Adly resigns} 0-1

[Event "ICS rated standard match"]
[Site "204.178.125.65"]
[Date "2001.07.09"]
[Round "?"]
[White "waitzkin"]
[Black "Hossa"]
[Result "1-0"]
[WhiteElo "2011"]
[BlackElo "2260"]
[PlyCount "117"]
[EventDate "2001.??.??"]

1. e4 Nc6 2. Nf3 e5 3. Bc4 Be7 4. d4 exd4 5. Nxd4 Nf6 6. Nc3 Ne5 7. Bb3 d6 8.
O-O O-O 9. f4 Bg4 10. Qe1 Ng6 11. Nf5 Re8 12. Nxe7+ Qxe7 13. f5 Nf8 14. h3 Bh5
15. g4 Bxg4 16. hxg4 Nxe4 17. Nxe4 Qxe4 18. Qxe4 Rxe4 19. g5 Rd8 20. Bf4 g6 21.
Bd5 Rd4 22. Bg2 gxf5 23. c3 Rc4 24. Bd5 Rc5 25. c4 c6 26. b4 cxd5 27. bxc5 dxc5
28. Rab1 b6 29. cxd5 Rxd5 30. Bb8 f4 31. Bxa7 Ne6 32. Bxb6 Rxg5+ 33. Kf2 Kf8
34. a4 Ke7 35. a5 Kd6 36. Rfd1+ Kc6 37. Bd8 Nxd8 38. Rxd8 Rh5 39. Rb6+ Kc7 40.
Rf8 Rf5 41. Rh6 Kb7 42. a6+ Ka7 43. Rc6 c4 44. Rd8 Rb5 45. Rd7+ Ka8 46. Rc8+
Rb8 47. Rcc7 Rb2+ 48. Kf3 Rb3+ 49. Kxf4 Rb1 50. Rxc4 Rb8 51. Rcc7 Rb4+ 52. Ke3
Rb6 53. Rc8+ Rb8 54. Rxb8+ Kxb8 55. a7+ Ka8 56. Kd4 h5 57. Kc5 f5 58. Kb6 h4
59. Rd8# {Hossa checkmated} 1-0

[Event "ICS rated blitz match"]
[Site "204.178.125.65"]
[Date "2001.07.09"]
[Round "?"]
[White "Hossa"]
[Black "Porthos"]
[Result "1-0"]
[WhiteElo "2585"]
[BlackElo "2063"]
[PlyCount "91"]
[EventDate "2001.??.??"]

1. e4 e5 2. Nf3 Nc6 3. Bb5 a6 4. Ba4 Nf6 5. O-O Nxe4 6. d4 b5 7. Bb3 d5 8. dxe5
Be6 9. Be3 Ke7 10. Nbd2 Nxd2 11. Qxd2 h6 12. a4 b4 13. Nd4 Nxd4 14. Qxb4+ Ke8
15. Qxd4 c5 16. Qd1 c4 17. Ba2 Qb8 18. f4 Qxb2 19. f5 Qxe5 20. Bd4 Qe4 21. fxe6
fxe6 22. Rb1 Bd6 23. Rb7 Rf8 24. Re1 Qf5 25. Qf3 Qxf3 26. Rxe6+ Kd8 27. gxf3
Bc7 28. Rc6 Rc8 29. Rxa6 Rf7 30. Rb5 Rxf3 31. Rxd5+ Ke8 32. Bxc4 Rf4 33. Rg6
Kf8 34. Bb3 Rxd4 35. Rxd4 Be5 36. Re4 Rc5 37. Re6 g5 38. R4xe5 Rxe5 39. Rxe5
Kg7 40. a5 Kf6 41. Re6+ Kf5 42. a6 h5 43. a7 g4 44. a8=Q h4 45. Qe4+ Kg5 46.
Qe5# {Porthos checkmated} 1-0

[Event "ICS rated blitz match"]
[Site "204.178.125.65"]
[Date "2001.07.09"]
[Round "?"]
[White "Croupier"]
[Black "Hossa"]
[Result "0-1"]
[WhiteElo "2186"]
[BlackElo "2587"]
[PlyCount "88"]
[EventDate "2001.??.??"]

1. d4 f5 2. Nc3 e6 3. e4 d5 4. Bf4 dxe4 5. f3 Nf6 6. fxe4 fxe4 7. Bc4 Bd6 8.
Nge2 Nc6 9. O-O O-O 10. Qd2 Na5 11. Bb3 Nxb3 12. axb3 Bd7 13. Ra5 Bb4 14. Rg5
Nd5 15. Be3 Rxf1+ 16. Kxf1 Qf6+ 17. Kg1 Rf8 18. Ng3 Bb5 19. h4 Nxc3 20. bxc3
Bd6 21. c4 h6 22. Rg4 h5 23. Rg5 Bxg3 24. Rxg3 Be8 25. Bg5 Qf1+ 26. Kh2 Qf2 27.
Qb4 Bc6 28. Be3 Qxc2 29. Qe7 Rf7 30. Qxe6 Kf8 31. Qc8+ Be8 32. Rg5 Qc3 33. Re5
Re7 34. Qf5+ Bf7 35. Rxe7 Kxe7 36. Qxe4+ Kf8 37. Qe5 Qxb3 38. d5 Qxc4 39. Bg5
Bxd5 40. Qe7+ Kg8 41. Qe8+ Kh7 42. Qe5 Qa2 43. Qg3 Qe2 44. Qe3 Qxg2# {
Croupier checkmated} 0-1

[Event "ICS rated blitz match"]
[Site "204.178.125.65"]
[Date "2001.07.09"]
[Round "?"]
[White "Hossa"]
[Black "Croupier"]
[Result "1-0"]
[WhiteElo "2590"]
[BlackElo "2183"]
[PlyCount "73"]
[EventDate "2001.??.??"]

1. e4 c6 2. d4 d5 3. Nc3 dxe4 4. Nxe4 Nf6 5. Nxf6+ gxf6 6. c3 Bf5 7. Nf3 Qc7 8.
Nh4 Bg6 9. Bc4 e6 10. Qf3 Nd7 11. Be3 O-O-O 12. O-O-O Bd6 13. Nxg6 hxg6 14. h3
c5 15. Bb5 c4 16. Bxd7+ Rxd7 17. Qxf6 Rh5 18. Kb1 b5 19. Rc1 Rf5 20. Qg7 Kb7
21. g4 Rd5 22. h4 Bf4 23. h5 Bxe3 24. fxe3 gxh5 25. gxh5 e5 26. h6 f5 27. Qg8
exd4 28. h7 dxc3 29. h8=Q cxb2 30. Qa8+ Ka6 31. Rh6+ Ka5 32. Qxb2 Qc5 33. Qc3+
b4 34. Qxc4 Qxc4 35. Rxc4 Rd1+ 36. Rc1 R7d2 37. Qxa7+ {Croupier resigns} 1-0

[Event "ICS rated blitz match"]
[Site "204.178.125.65"]
[Date "2001.07.09"]
[Round "?"]
[White "Croupier"]
[Black "Hossa"]
[Result "0-1"]
[WhiteElo "2174"]
[BlackElo "2599"]
[PlyCount "54"]
[EventDate "2001.??.??"]

1. d4 f5 2. Nc3 e6 3. g4 fxg4 4. e4 Nc6 5. Be3 d6 6. h3 gxh3 7. Bxh3 e5 8. d5
Bxh3 9. Nxh3 Nb4 10. a3 Na6 11. Ng5 Qd7 12. Ne6 c6 13. Qe2 Nf6 14. O-O-O Nc7
15. Nxc7+ Qxc7 16. Bg5 O-O-O 17. Bxf6 gxf6 18. Qg4+ Kb8 19. Qf5 Bg7 20. Rdg1
Qf7 21. Rxh7 Bh6+ 22. Rxh6 Rxh6 23. dxc6 bxc6 24. Kb1 Rh2 25. b3 Rdh8 26. Rg3
R8h4 27. Rd3 Rf4 {Croupier resigns} 0-1

[Event "ICS rated blitz match"]
[Site "204.178.125.65"]
[Date "2001.07.09"]
[Round "?"]
[White "Hossa"]
[Black "Croupier"]
[Result "1-0"]
[WhiteElo "2602"]
[BlackElo "2171"]
[PlyCount "71"]
[EventDate "2001.??.??"]

1. e4 c6 2. d4 d5 3. exd5 cxd5 4. Bd3 Nc6 5. c3 g6 6. Nf3 Nf6 7. O-O Bg7 8. Re1
O-O 9. Na3 a6 10. Nc2 Bf5 11. Bxf5 gxf5 12. Nh4 e6 13. g3 Ne7 14. Qe2 Ng6 15.
Ng2 b5 16. Bg5 Qb6 17. Bxf6 Bxf6 18. Qh5 a5 19. Nce3 b4 20. Rac1 bxc3 21. bxc3
Rac8 22. Rc2 Qd6 23. Rd1 Rc7 24. c4 dxc4 25. Rxc4 Rfc8 26. Rxc7 Rxc7 27. d5 Qa3
28. dxe6 fxe6 29. Rd2 Rc1+ 30. Nd1 Qa4 31. Nge3 f4 32. Qg4 Kf7 33. Ng2 Ne5 34.
Qh5+ Kg7 35. Nxf4 Qe4 36. Nxe6+ {Croupier resigns} 1-0

[Event "ICS rated blitz match"]
[Site "204.178.125.65"]
[Date "2001.07.09"]
[Round "?"]
[White "Croupier"]
[Black "Hossa"]
[Result "0-1"]
[WhiteElo "2169"]
[BlackElo "2604"]
[PlyCount "54"]
[EventDate "2001.??.??"]

1. d4 c5 2. d5 d6 3. c4 e6 4. Nc3 Be7 5. e4 Nf6 6. f4 O-O 7. Nf3 exd5 8. cxd5
Re8 9. Be2 Ng4 10. O-O b6 11. h3 Nh6 12. g4 Kh8 13. Ng5 Bf6 14. Kg2 Qe7 15. a4
Bxc3 16. bxc3 f6 17. Nf3 f5 18. e5 fxg4 19. hxg4 Bxg4 20. e6 Qf6 21. Bd2 Qf5
22. Ng5 Qxd5+ 23. Bf3 Bxf3+ 24. Qxf3 Qxf3+ 25. Rxf3 Nf5 26. Rh1 h6 27. Nf7+ Kh7
{Croupier resigns} 0-1

[Event "ICS rated blitz match"]
[Site "204.178.125.65"]
[Date "2001.07.09"]
[Round "?"]
[White "Hossa"]
[Black "Croupier"]
[Result "1-0"]
[WhiteElo "2606"]
[BlackElo "2167"]
[PlyCount "39"]
[EventDate "2001.??.??"]

1. e4 c6 2. d4 d5 3. exd5 cxd5 4. Bd3 Nc6 5. c3 g6 6. Nf3 Bg7 7. O-O Nf6 8. Re1
O-O 9. Na3 a6 10. Bf4 Nh5 11. Be3 Qd6 12. Qd2 b5 13. Nc2 Bd7 14. Bh6 Rfe8 15.
Bxg7 Kxg7 16. Ne5 f6 17. Nxd7 Qxd7 18. Be2 Qf5 19. g4 Qf4 20. Qe3 {
Croupier resigns} 1-0

[Event "ICS rated blitz match"]
[Site "204.178.125.65"]
[Date "2001.07.09"]
[Round "?"]
[White "Hossa"]
[Black "Croupier"]
[Result "1-0"]
[WhiteElo "2610"]
[BlackElo "2163"]
[PlyCount "29"]
[EventDate "2001.??.??"]

1. e4 c6 2. d4 d5 3. Nd2 dxe4 4. Nxe4 Nf6 5. Nxf6+ gxf6 6. Nf3 Bg4 7. Be2 Qc7
8. h3 Bh5 9. Be3 Nd7 10. Qd2 O-O-O 11. O-O-O e6 12. Bf4 Bd6 13. Bxd6 Qxd6 14.
Qa5 Kb8 15. Qxh5 {Croupier resigns} 1-0